| 000 | 06358namaa22004451i 4500 | ||
|---|---|---|---|
| 003 | EG-GICUC | ||
| 005 | 20260421214617.0 | ||
| 008 | 260421s2025 ua a|||frm||| 000 0 eng d | ||
| 040 |
_aEG-GICUC _beng _cEG-GICUC _dEG-GICUC _erda |
||
| 041 | 0 |
_aeng _beng _bara |
|
| 049 | _aDeposit | ||
| 082 | 0 | 4 | _a615.82 |
| 092 |
_a615.82 _221 |
||
| 097 | _aM.Sc | ||
| 099 | _aCai01.21.06.M.Sc.2025.La.C | ||
| 100 | 0 |
_aLamis Neyazy Mady El Rakhawy, _epreparation. |
|
| 245 | 1 | 0 |
_aCorrelation between BMI, balance, and gross motor capacities in children with spastic diplegia / _cby Lamis Neyazy Mady El Rakhawy ; Supervisors Prof. Dr. Khaled Ahmed Mamdouh, Prof. Dr. Hoda Abdel Azim Eltalawy, Dr. Radwa Saeed Abdulrahman., |
| 246 | 1 | 5 | _aالعلاقة بين معامل كتلة الجسم والاتزان والتطور الحركيلدى الأطفال المصابين بالشلل المزدوج |
| 264 | 0 | _c2025. | |
| 300 |
_a65 pages : _billustrations ; _c25 cm. + _eCD. |
||
| 336 |
_atext _2rda content |
||
| 337 |
_aUnmediated _2rdamedia |
||
| 338 |
_avolume _2rdacarrier |
||
| 502 | _aThesis (M.Sc)-Cairo University, 2025. | ||
| 504 | _aBibliography: pages 46-55. | ||
| 520 | 3 | _aBackground: Childhood obesity is linked to health problems as well as challenges with walking and balance. Over the past ten years, the prevalence of obesity in the cerebral palsy population has increased in the United States, ranging from 7.7 to 16.5%. Aim: The current study investigated the correlation between body mass index, balance and gross motor abnormalities in children with diplegia. Methods: This cross- sectional correlation study was conducted at the Outpatient Clinic at the Faculty of Physical Therapy, Cairo University. The study included 104 diplegic children of both sexes aged from 5-10 years, 53 in group A (underweight and normal weight) and 51 in group B (overweight and obese), divided according to body mass index percentile for children and adolescents. Dynamic balance was evaluated by the overall stability index in the Biodex balance system and gross motor capacities were evaluated by standing and walking dimensions in Gross Motor Function Measurement GMFM-88. Results: The results revealed that body mass index had a moderate positive significant correlation with the overall stability index (r = 0.441, p = 0.001). Conversely, it showed a moderate negative significant correlation with gross motor capacities in both standing (r = -0.441, p = 0.001) and walking (r = -0.552, p = 0.001), indicating that higher BMI was associated with poorer gross motor performance. Similarly, balance demonstrated a strong negative significant correlation with gross motor capacities, including standing (r = -0.770, p = 0.001) and walking (r = - 0.735, p = 0.001). Conclusion: The significant correlations indicate that, in children with spastic diplegia, higher body mass index is associated with poorer balance performance and reduced gross motor capacities, particularly in standing and walking activities. | |
| 520 | 3 | _aالخلفية:شهدت معدلات السمنة لدى المصابين بالشلل الدماغي في الولايات المتحدة ارتفاعًا خلال السنوات العشر الأخيرة، حيث تراوحت النسبة ما بين 7.7% إلى 16.5%. وترتبط السمنة بمشكلات صحية وصعوبات في المشي والتوازن. تهدف هذه الدراسة إلى فحص العلاقة بين معامل كتلة الجسم، التوازن، والتطور الحركيلدى الأطفال المصابين بالشلل الدماغي التشنجي الثنائي. المنهجية:أُجريت هذه الدراسة المقطعية الارتباطية في العيادة الخارجية بكلية العلاج الطبيعي، جامعة القاهرة، واشتملت على 104 أطفال تتراوح أعمارهم بين 5 إلى 10 سنوات 53 طفلًا ضمن المجموعة الاولي، و51 طفلًا ضمن مجموعة الثانية. تم تقييم التوازن الديناميكي باستخدام مؤشرالثبات الكلي بجهازبيودكس، وتقييم التطور الحركيمن خلال بُعدي الوقوف والمشي في تصنيف الوظائف الحركية الإجمالية. النتائج:أظهرت النتائج وجود علاقات معنوية بين مؤشر كتلة الجسم والاتزان الديناميكيوالقدرات الحركية الإجماليةلدى الأطفال المصابين بالشلل الدماغي المزدوج. حيث وُجد ارتباط إيجابي معتدل بين مؤشر كتلة الجسم ومؤشرالثبات الكلي في حين وُجد ارتباط سلبي معتدل بين مؤشر كتلة الجسم والقدرات الحركية الاجمالية في كل من أنشطة الوقوف والمشي. كما أظهر مؤشر الثبات الكلي ارتباطًا سلبيًا قويًا مع مقياس القدرات الحركية الاجمالية الاستنتاج:يعاني الأطفال المصابون بالشلل الدماغي التشنجي الثنائي والذين يعانون من زيادة الوزن أو السمنة من تراجع ملحوظ في التوازن والقدرات الحركية الكبرى مقارنةً بأقرانهم ذوي الوزن الطبيعي. كما تبين وجود علاقة ارتباط قوية بين القدرات الحركية الكبرى ومؤشر التوازن الديناميكي. | |
| 530 | _aIssues also as CD. | ||
| 546 | _aText in English and abstract in Arabic & English. | ||
| 650 | 0 | _aPhysical Therapy | |
| 650 | 0 | _aالعلاج الطبيعي | |
| 653 | 0 |
_aDiplegia _aDynamic Balance _aGross Motor Capacities _aObesity |
|
| 700 | 0 |
_aKhaled Ahmed Mamdouh _ethesis advisor. |
|
| 700 | 0 |
_aHoda Abdel Azim Eltalawy _ethesis advisor. |
|
| 700 | 0 |
_aRadwa Saeed Abdulrahman _ethesis advisor. |
|
| 900 |
_b01-01-2025 _cKhaled Ahmed Mamdouh _cHoda Abdel Azim Eltalawy _cRadwa Saeed Abdulrahman _UCairo University _FFaculty of Physical Therapy _DDepartment of Pediatric Physical Therapy |
||
| 905 | _aShimaa | ||
| 942 |
_2ddc _cTH _e21 _n0 |
||
| 999 | _c179658 | ||